header

The Kabbalistic scholars of the Antwerp Polyglot Bible (Record no. 7887)

MARC details
000 -LEADER
fixed length control field 02006nam a2200385 a 4500
001 - CONTROL NUMBER
control field ebr10270737
003 - CONTROL NUMBER IDENTIFIER
control field CaPaEBR
006 - FIXED-LENGTH DATA ELEMENTS--ADDITIONAL MATERIAL CHARACTERISTICS--GENERAL INFORMATION
fixed length control field m u
007 - PHYSICAL DESCRIPTION FIXED FIELD--GENERAL INFORMATION
fixed length control field cr cn|||||||||
008 - FIXED-LENGTH DATA ELEMENTS--GENERAL INFORMATION
fixed length control field 070925s2007 ne sb 001 0 eng d
010 ## - LIBRARY OF CONGRESS CONTROL NUMBER
Canceled/invalid LC control number 2007039681
020 ## - INTERNATIONAL STANDARD BOOK NUMBER
Cancelled/invalid ISBN 9789004162518 (hardback : alk. paper)
040 ## - CATALOGING SOURCE
Original cataloging agency CaPaEBR
Transcribing agency CaPaEBR
035 ## - SYSTEM CONTROL NUMBER
System control number (OCoLC)646788959
043 ## - GEOGRAPHIC AREA CODE
Geographic area code e-be---
-- e-sp---
050 14 - LIBRARY OF CONGRESS CALL NUMBER
Classification number BS1
Item number .W55 2007eb
082 04 - DEWEY DECIMAL CLASSIFICATION NUMBER
Classification number 220.5/1
Edition number 22
100 1# - MAIN ENTRY--PERSONAL NAME
Personal name Wilkinson, Robert J.
Fuller form of name (Robert John),
Dates associated with a name 1955-
245 14 - TITLE STATEMENT
Title The Kabbalistic scholars of the Antwerp Polyglot Bible
Medium [electronic resource] /
Statement of responsibility, etc by Robert J. Wilkinson.
260 ## - PUBLICATION, DISTRIBUTION, ETC. (IMPRINT)
Place of publication, distribution, etc Leiden ;
-- Boston :
Name of publisher, distributor, etc Brill,
Date of publication, distribution, etc 2007.
300 ## - PHYSICAL DESCRIPTION
Extent xi, 141 p.
490 1# - SERIES STATEMENT
Series statement Studies in the history of Christian traditions ;
Volume number/sequential designation v. 138
504 ## - BIBLIOGRAPHY, ETC. NOTE
Bibliography, etc Includes bibliographical references and index.
505 0# - FORMATTED CONTENTS NOTE
Formatted contents note The Spanish tradition : the notion of a Polyglot -- The Spanish tradition : Hebrew studies and Kabbalistic influence -- The Northern scholars : Masius -- The Northern scholars : the role of Postel in the Antwerp Polyglot -- The Northern scholars : Guy Lefevre de la Boderie -- Plantin and the Antwerp Project -- The Polyglot : the Syriac New Testament and associated Kabbalistic material -- The Polyglot : the Censura -- The 1584 Paris Syriac New Testament -- Finale.
533 ## - REPRODUCTION NOTE
Type of reproduction Electronic reproduction.
Place of reproduction Palo Alto, Calif. :
Agency responsible for reproduction ebrary,
Date of reproduction 2011.
Note about reproduction Available via World Wide Web.
-- Access may be limited to ebrary affiliated libraries.
630 00 - SUBJECT ADDED ENTRY--UNIFORM TITLE
Uniform title Bible.
Language of a work Polyglot
General subdivision History.
650 #0 - SUBJECT ADDED ENTRY--TOPICAL TERM
Topical term or geographic name as entry element Cabala.
Topical term or geographic name as entry element Church history
Chronological subdivision 16th century.
651 #0 - SUBJECT ADDED ENTRY--GEOGRAPHIC NAME
Geographic name Antwerp (Belgium)
General subdivision Church history
Chronological subdivision 16th century.
Geographic name Spain
General subdivision Church history
Chronological subdivision 16th century.
655 #7 - INDEX TERM--GENRE/FORM
Genre/form data or focus term Electronic books.
Source of term local
710 2# - ADDED ENTRY--CORPORATE NAME
Corporate name or jurisdiction name as entry element ebrary, Inc.
830 #0 - SERIES ADDED ENTRY--UNIFORM TITLE
Uniform title Studies in the history of Christian traditions ;
Volume number/sequential designation v. 138.
856 40 - ELECTRONIC LOCATION AND ACCESS
Uniform Resource Identifier <a href="http://site.ebrary.com/lib/rucke/Doc?id=10270737">http://site.ebrary.com/lib/rucke/Doc?id=10270737</a>
Public note An electronic book accessible through the World Wide Web; click to view

No items available.

© 2026 Rongo University
Contact us: librarian | system librarian | Rongo university